| 000 | 00395nam a2200145Ia 4500 | ||
|---|---|---|---|
| 008 | 230312s9999||||xx |||||||||||||| ||und|| | ||
| 020 | _a0-87338-742-2 | ||
| 082 |
_a391.0097 _bCUN-R |
||
| 100 | _aCunningham;Patricia.A | ||
| 245 | 0 | _aReforming Woman's Fashion (1850-1920) | |
| 260 |
_bKent State _aUSA _c2003 |
||
| 300 | _a250 | ||
| 650 |
_aArchitecture _vArchitecture/Art & Design |
||
| 942 | _cBK | ||
| 999 |
_c11530 _d11530 |
||